000 01096nam a2200229Ia 4500
999 _c36189
_d36189
001 2092
003 GE_BSU
005 20190506143247.0
008 181216s1996||||ge |||||||||||||| ||geo||
040 _cGE_BSU
041 _ageo
080 _a342(1-87)(075.5) მ–54
100 _aმელქაძე, ოთარ
_9790
245 _aსაზღვარგარეთის ქვეყნების სახელმწიფო სამართალი /
_cოთარ მელქაძე ; რედ.ზ.ჯინჯოლავა
264 _aთბილისი :
_bუფლება,
_c1996.
300 _a190 გვ.;
_b20 სმ.
490 _aპოლიტიკურ-სამართლებრივი ლიტერატურის სერია ;
_xწ. 1
653 _aსამართალი
653 _aსაზღვარგარეთის ქვეყნების სახელმწიფო სამართალი
700 _aჯინჯოლავა, ზ.
_eრედაქტორი
_9791
942 _cBK
_2udc